[Event "Arab-ch U18"]
[Site "Baghdad"]
[Date "2022.03.15"]
[Round "7"]
[White "Abderrahim Taleb, Mohamed"]
[Black "Mustafa Kamal, Jalaldeen Al Barba"]
[Result "1-0"]
[WhiteElo "1973"]
[BlackElo "1798"]
[PlyCount "87"]
[EventDate "2022.03.10"]
[EventType "swiss"]
[EventRounds "9"]
[EventCountry "IRQ"]
[SourceTitle "EXT 2023"]
[Source "ChessBase"]
[SourceDate "2022.10.05"]
[SourceVersion "1"]
[SourceVersionDate "2022.10.05"]
[SourceQuality "1"]

1. e4 e6 2. d4 d6 3. Nc3 Nf6 4. Nf3 Nbd7 5. Bd3 Be7 6. Qe2 c5 7. e5 dxe5 8. dxe5 Nd5 9. 0-0 b6 10. Nxd5 exd5 11. Bb5 0-0 12. Bc6 Rb8 13. Bxd5 Bb7 14. Rd1 Bxd5 15. Rxd5 Qc7 16. Bf4 Qc6 17. Rad1 Rb7 18. Bg5 Re8 19. Bxe7 Rxe7 20. Rd6 Qa4 21. e6 Nf8 22. exf7+ Rxf7 23. Ng5 Rfe7 24. Qf3 Qe8 25. g3 Rb8 26. Qd5+ Kh8 27. Rd8 Rxd8 28. Qxd8 Qxd8 29. Rxd8 Kg8 30. Kf1 h6 31. Nf3 Kf7 32. c3 Nh7 33. Nd2 Nf6 34. f3 Rd7 35. Rxd7+ Nxd7 36. Kf2 Ke6 37. Ke3 b5 38. f4 Nf6 39. Ne4 Kd5 40. Nxf6+ gxf6 41. g4 a5 42. h4 c4 43. Kf3 b4 44. a3 1-0

[Event "Arab-ch U18"]
[Site "Baghdad"]
[Date "2022.03.12"]
[Round "3"]
[White "Walid, Shebani"]
[Black "Mustafa Kamal, Jalaldeen Al Barba"]
[Result "0-1"]
[WhiteElo "1745"]
[BlackElo "1798"]
[PlyCount "68"]
[EventDate "2022.03.10"]
[EventType "swiss"]
[EventRounds "9"]
[EventCountry "IRQ"]
[SourceTitle "EXT 2023"]
[Source "ChessBase"]
[SourceDate "2022.10.05"]
[SourceVersion "1"]
[SourceVersionDate "2022.10.05"]
[SourceQuality "1"]

1. d4 e6 2. c4 d6 3. Nc3 Nf6 4. Bg5 Nbd7 5. Nf3 Be7 6. e4 0-0 7. Bd3 c5 8. d5 Nxd5 9. Bxe7 Nxe7 10. Nb5 Qa5+ 11. Qd2 Qxd2+ 12. Kxd2 d5 13. exd5 exd5 14. Rhe1 dxc4 15. Bxh7+ Kxh7 16. Rxe7 Nf6 17. Rae1 Nd5 18. R7e4 Rd8 19. Ke2 Bf5 20. Rh4+ Kg8 21. Kf1 Bd3+ 22. Kg1 a6 23. Nc3 Nxc3 24. bxc3 Re8 25. Re3 f6 26. Nd2 Rad8 27. Nf1 Bxf1 28. Kxf1 Rxe3 29. fxe3 b5 30. Rh5 Rd3 31. Rxc5 Rxc3 32. a4 b4 33. Rc6 b3 34. Rb6 Rc2 0-1

[Event "Arab-ch U18"]
[Site "Baghdad"]
[Date "2022.03.10"]
[Round "1"]
[White "Ahmed, Jaza Jamal"]
[Black "Mustafa Kamal, Jalaldeen Al Barba"]
[Result "1-0"]
[WhiteElo "2186"]
[BlackElo "1798"]
[PlyCount "63"]
[EventDate "2022.03.10"]
[EventType "swiss"]
[EventRounds "9"]
[EventCountry "IRQ"]
[SourceTitle "EXT 2023"]
[Source "ChessBase"]
[SourceDate "2022.10.05"]
[SourceVersion "1"]
[SourceVersionDate "2022.10.05"]
[SourceQuality "1"]

1. e4 e6 2. d4 d6 3. Nc3 Nf6 4. f4 Nbd7 5. Nf3 c5 6. d5 exd5 7. exd5 a6 8. a4 Qe7+ 9. Be2 Ne4 10. Nxe4 Qxe4 11. 0-0 Be7 12. Re1 Qb4 13. Bd3 Nf6 14. Qe2 Ng8 15. a5 c4 16. Bxc4 Bg4 17. c3 Bxf3 18. gxf3 Qc5+ 19. Be3 Qc8 20. Bd4 f6 21. Bd3 Qd7 22. Qc2 g6 23. f5 g5 24. b4 h5 25. Re6 0-0-0 26. b5 axb5 27. a6 b6 28. a7 Kb7 29. Qa2 Ka8 30. Qa6 Qb7 31. Qxb7+ Kxb7 32. Bxb5 1-0

[Event "Erbil Khanzad op 14th"]
[Site "Erbil"]
[Date "2019.12.15"]
[Round "7.7"]
[White "Mohammed Khaleel, Majeed"]
[Black "Mustafa Kamal, Jalaldeen Al Barba"]
[Result "1/2-1/2"]
[WhiteElo "1843"]
[BlackElo "1737"]
[PlyCount "103"]
[EventDate "2019.12.12"]
[EventType "swiss"]
[EventRounds "9"]
[EventCountry "IRQ"]
[SourceTitle "CBM 193 Extra"]
[Source "ChessBase"]
[SourceDate "2020.01.31"]
[SourceVersion "1"]
[SourceVersionDate "2020.01.31"]
[SourceQuality "1"]

1. e4 e5 2. Nf3 Nc6 3. Bb5 a6 4. Ba4 b5 5. Bb3 Be7 6. 0-0 Nf6 7. Re1 0-0 8. c3 d5 9. exd5 Nxd5 10. Nxe5 Nxe5 11. Rxe5 c6 12. Bxd5 cxd5 13. d4 Bd6 14. Re1 Qh4 15. g3 Qh3 16. Qf3 Bf5 17. Qg2 Rae8 18. Be3 Re6 19. Nd2 Rfe8 20. Qxd5 h5 21. Qg2 Bf4 22. Nf1 Bxe3 23. Nxe3 g5 24. Qxh3 Bxh3 25. d5 Re5 26. a4 f5 27. axb5 axb5 28. b4 Kf8 29. Red1 f4 30. Nf1 Bg4 31. Rdc1 Rxd5 32. Kg2 Rc8 33. f3 Bf5 34. Kf2 Bd3 35. Ra6 Bxf1 36. Kxf1 Rd3 37. gxf4 gxf4 38. Rf6+ Kg7 39. Rxf4 Rcxc3 40. Rxc3 Rxc3 41. Rf5 Rb3 42. Rxb5 Rxf3+ 43. Kg2 Rb3 44. Rb6 h4 45. b5 h3+ 46. Kf2 Rb2+ 47. Kg3 Rb3+ 48. Kg4 Kf7 49. Rb7+ Ke6 50. b6 Kd6 51. Rh7 Rxb6 52. Rxh3 1/2-1/2

[Event "Erbil Khanzad op 14th"]
[Site "Erbil"]
[Date "2019.12.15"]
[Round "6.6"]
[White "Mustafa Kamal, Jalaldeen Al Barba"]
[Black "Alawash, Firass"]
[Result "1/2-1/2"]
[WhiteElo "1737"]
[BlackElo "1809"]
[PlyCount "102"]
[EventDate "2019.12.12"]
[EventType "swiss"]
[EventRounds "9"]
[EventCountry "IRQ"]
[SourceTitle "CBM 193 Extra"]
[Source "ChessBase"]
[SourceDate "2020.01.31"]
[SourceVersion "1"]
[SourceVersionDate "2020.01.31"]
[SourceQuality "1"]

1. e4 d5 2. exd5 Nf6 3. Nc3 Nxd5 4. Nxd5 Qxd5 5. d4 Nc6 6. Be3 e5 7. dxe5 Qxe5 8. c3 Bc5 9. Nf3 Qe7 10. Bb5 Bxe3 11. Bxc6+ bxc6 12. fxe3 Qxe3+ 13. Qe2 Qxe2+ 14. Kxe2 Ba6+ 15. Kf2 0-0-0 16. Rhe1 Rhe8 17. Rxe8 Rxe8 18. Re1 Rxe1 19. Kxe1 Bc4 20. a3 Bd5 21. Ke2 Kd7 22. Ne1 Kd6 23. b4 c5 24. Ke3 cxb4 25. axb4 c5 26. g3 cxb4 27. cxb4 Ke5 28. Nd3+ Kf5 29. Nf2 g5 30. Kd4 Bb7 31. Nd3 f6 32. Ke3 Ba6 33. Nf2 h5 34. Nd1 Ke5 35. Nf2 f5 36. Nh3 Kd5 37. Nxg5 Kc4 38. Ne6 Kxb4 39. Nd4 Bb5 40. Nxf5 a5 41. Kd2 a4 42. Kc1 a3 43. Nd4 Bd7 44. Kb1 Kc4 45. Ne2 Bg4 46. Nf4 Kb4 47. Ka1 Kc3 48. h3 Bd1 49. g4 hxg4 50. hxg4 Bxg4 51. Ka2 Kb4 1/2-1/2

[Event "Erbil Khanzad Cup 10th"]
[Site "Erbil"]
[Date "2018.04.20"]
[Round "6"]
[White "Mustafa Kamal, Jalaldeen Al Barba"]
[Black "Baxtyar, Hama Salih Ahmed"]
[Result "0-1"]
[WhiteElo "1557"]
[BlackElo "1675"]
[PlyCount "38"]
[EventDate "2018.04.18"]
[EventType "swiss"]
[EventRounds "9"]
[EventCountry "IRQ"]
[SourceTitle "CBM 184 Extra"]
[Source "ChessBase"]
[SourceDate "2018.06.28"]
[SourceVersion "1"]
[SourceVersionDate "2018.06.28"]
[SourceQuality "1"]

1. e4 Nc6 2. Nf3 f5 3. d3 fxe4 4. dxe4 d6 5. h3 e5 6. Bc4 Be7 7. Nc3 Nf6 8. Be3 a6 9. 0-0 Na5 10. Bd5 Nxd5 11. Qxd5 c6 12. Qd3 Be6 13. b3 0-0 14. Rad1 Bxh3 15. gxh3 Rxf3 16. b4 Qd7 17. Ne2 Qxh3 18. Ng3 Raf8 19. Rfe1 Bh4 0-1